[Event "SVK-chT1W 1819"]
[Site "Slovakia"]
[Date "2019.03.16"]
[Round "10.6"]
[White "Vadila, Ondrej"]
[Black "Amrich, Martin"]
[Result "1-0"]
[WhiteElo "2116"]
[BlackElo "2037"]
[PlyCount "53"]
[EventDate "2018.10.27"]
[EventType "team-tourn"]
[EventRounds "11"]
[EventCountry "SVK"]
[SourceTitle "CBM 189 Extra"]
[Source "ChessBase"]
[SourceDate "2019.06.03"]
[SourceVersion "1"]
[SourceVersionDate "2019.06.03"]
[SourceQuality "1"]
[WhiteTeam "Bratislava Slovan III"]
[BlackTeam "Nitra ASK"]
[WhiteTeamCountry "SVK"]
[BlackTeamCountry "SVK"]

1. d4 Nf6 2. Bf4 g6 3. Nc3 Bg7 4. e4 d6 5. Qd2 h6 6. f3 Nc6 7. 0-0-0 Nh5 8. Be3 e5 9. Nge2 exd4 10. Nxd4 Nxd4 11. Bxd4 Bxd4 12. Qxd4 Qf6 13. Qxf6 Nxf6 14. Nb5 Kd7 15. e5 Ne8 16. Bc4 a6 17. Nc3 Rf8 18. Rhe1 Kc6 19. Bd5+ Kb6 20. exd6 Nxd6 21. Bb3 Nb5 22. Nd5+ Kc6 23. a4 Nd6 24. Re7 Ne8 25. Nb4+ Kc5 26. Rd5+ Kb6 27. Rd8 1-0

[Event "SVK-chT1W 1819"]
[Site "Slovakia"]
[Date "2019.02.02"]
[Round "7.6"]
[White "Amrich, Martin"]
[Black "Sukuba, Zdeno"]
[Result "0-1"]
[WhiteElo "2037"]
[BlackElo "2158"]
[PlyCount "90"]
[EventDate "2018.10.27"]
[EventType "team-tourn"]
[EventRounds "11"]
[EventCountry "SVK"]
[SourceTitle "CBM 188 Extra"]
[Source "ChessBase"]
[SourceDate "2019.02.26"]
[SourceVersion "1"]
[SourceVersionDate "2019.02.26"]
[SourceQuality "1"]
[WhiteTeam "Nitra ASK"]
[BlackTeam "Dubnica nad Vahom II"]
[WhiteTeamCountry "SVK"]
[BlackTeamCountry "SVK"]

1. e4 c6 2. d4 d5 3. exd5 cxd5 4. Bd3 Nc6 5. c3 Qc7 6. Ne2 Bg4 7. Na3 a6 8. Qa4 Bxe2 9. Bxe2 e6 10. g3 Rc8 11. 0-0 Nf6 12. Bf3 Qa5 13. Qb3 Bxa3 14. bxa3 b5 15. Bg5 0-0 16. Bxf6 gxf6 17. Rac1 Rc7 18. Rfe1 Rfc8 19. Qb2 Nb8 20. Re3 Nd7 21. Qe2 Qxa3 22. Re1 Qd6 23. Bh5 Nf8 24. Qf3 Kg7 25. h4 Ng6 26. Bg4 f5 27. Bh3 Rg8 28. h5 Nf8 29. Bg2 Nd7 30. Bh3 Nf6 31. Bg2 h6 32. Bh3 Kh8 33. Re5 Rg5 34. g4 Nxg4 35. Bxg4 Rxg4+ 36. Kf1 Qd8 37. Rxe6 fxe6 38. Rxe6 Qg5 39. Qxd5 Qc1+ 40. Re1 Rg1+ 41. Kxg1 Qxe1+ 42. Kh2 Qxf2+ 43. Kh3 Qe3+ 44. Kh2 Qe2+ 45. Kg1 Rg7+ 0-1

[Event "SVK-chT1W 1718"]
[Site "Slovakia"]
[Date "2018.02.17"]
[Round "8.7"]
[White "Amrich, Martin"]
[Black "Podoba, Milan"]
[Result "1-0"]
[WhiteElo "2045"]
[BlackElo "2044"]
[PlyCount "41"]
[EventDate "2017.10.21"]
[EventType "team-tourn"]
[EventRounds "11"]
[EventCountry "SVK"]
[SourceTitle "EXT 2019"]
[Source "ChessBase"]
[SourceDate "2018.10.10"]
[SourceVersion "1"]
[SourceVersionDate "2018.10.10"]
[SourceQuality "1"]
[WhiteTeam "Nitra ASK"]
[BlackTeam "Dubnica nad Vahom II"]
[WhiteTeamCountry "SVK"]
[BlackTeamCountry "SVK"]

1. e4 e6 2. d4 d5 3. Nd2 c5 4. Ngf3 cxd4 5. Bd3 Nc6 6. 0-0 Nf6 7. Re1 Be7 8. e5 Nd7 9. Nb3 Nc5 10. Nxc5 Bxc5 11. Ng5 g6 12. a3 Be7 13. Qg4 Bd7 14. h4 Qc7 15. Bf4 h5 16. Qg3 Kf8 17. Nxf7 Rg8 18. Nd6 Bxd6 19. exd6 Qb6 20. Bh6+ Ke8 21. Qg5 1-0

[Event "SVK-chT1W 1516"]
[Site "Slovakia"]
[Date "2016.03.20"]
[Round "11.8"]
[White "Puchovsky, Ladislav"]
[Black "Amrich, Martin"]
[Result "1-0"]
[WhiteElo "1944"]
[BlackElo "1989"]
[PlyCount "89"]
[EventDate "2015.10.24"]
[EventType "team-tourn"]
[EventRounds "11"]
[EventCountry "SVK"]
[SourceTitle "EXT 2017"]
[Source "ChessBase"]
[SourceDate "2016.10.25"]
[SourceVersion "1"]
[SourceVersionDate "2016.10.25"]
[SourceQuality "1"]
[WhiteTeam "Bratislava Lokomotiva"]
[BlackTeam "Nitra Trogar"]
[WhiteTeamCountry "SVK"]
[BlackTeamCountry "SVK"]

1. d4 Nf6 2. c4 g6 3. Nc3 Bg7 4. e4 d6 5. f3 0-0 6. Be3 Nc6 7. Qd2 e5 8. d5 Nd4 9. Nge2 Nxe2 10. Bxe2 a6 11. g4 h5 12. h3 Rb8 13. Bg5 Qe8 14. a4 c6 15. h4 hxg4 16. Bxf6 Bxf6 17. fxg4 Qe7 18. g5 Bg7 19. Qe3 Bd7 20. h5 Rfc8 21. a5 Qd8 22. Kf2 b5 23. cxb5 cxb5 24. b4 Rc7 25. Rac1 Rbc8 26. Na2 Rc2 27. Rxc2 Rxc2 28. Nc3 Bg4 29. h6 Bf8 30. Rc1 Rb2 31. Rb1 Rxb1 32. Nxb1 Bxe2 33. Kxe2 Qc8 34. Nd2 Be7 35. Kd3 Qc1 36. Ke2 Qb2 37. Qb3 Qxb3 38. Nxb3 Bxg5 39. h7+ Kxh7 40. Nc5 Bd8 41. Nxa6 f5 42. exf5 gxf5 43. Nb8 e4 44. Nc6 Kg6 45. Nxd8 1-0

[Event "SVK-chT1W 1516"]
[Site "Slovakia"]
[Date "2016.01.23"]
[Round "7.5"]
[White "Kaniansky, Miroslav"]
[Black "Amrich, Martin"]
[Result "1-0"]
[WhiteElo "2174"]
[BlackElo "1989"]
[PlyCount "79"]
[EventDate "2015.10.24"]
[EventType "team-tourn"]
[EventRounds "11"]
[EventCountry "SVK"]
[SourceTitle "EXT 2017"]
[Source "ChessBase"]
[SourceDate "2016.10.25"]
[SourceVersion "1"]
[SourceVersionDate "2016.10.25"]
[SourceQuality "1"]
[WhiteTeam "Prievidza"]
[BlackTeam "Nitra Trogar"]
[WhiteTeamCountry "SVK"]
[BlackTeamCountry "SVK"]

1. d4 Nf6 2. Nf3 d6 3. c4 g6 4. Nc3 Bg7 5. e4 0-0 6. Be2 Nc6 7. d5 Nb8 8. 0-0 a5 9. Be3 Na6 10. Nd4 Nc5 11. f3 e5 12. dxe6 fxe6 13. Nb3 Nxb3 14. Qxb3 Nh5 15. g3 b6 16. Rad1 Qe7 17. Qc2 Bb7 18. Qd2 Rf7 19. Bd4 e5 20. Be3 Raf8 21. c5 Qe6 22. cxb6 Qh3 23. Bc4 d5 24. Nxd5 Kh8 25. Qg2 Qc8 26. Nxc7 Rxc7 27. bxc7 Qxc7 28. b3 Nf6 29. Qd2 a4 30. Qd6 Qc8 31. Kg2 Re8 32. Qc5 Qa8 33. Qa7 Qc8 34. Qxa4 Rf8 35. Qb4 Qa8 36. Bc5 Rb8 37. Bd6 Rd8 38. Bxe5 Rxd1 39. Rxd1 Bxe4 40. Qb8+ 1-0

[Event "SVK-chT2B 1415"]
[Site "Slovakia"]
[Date "2015.02.14"]
[Round "8.8"]
[White "Bona, Juraj"]
[Black "Amrich, Martin"]
[Result "0-1"]
[WhiteElo "1000"]
[BlackElo "1985"]
[PlyCount "100"]
[EventDate "2014.10.11"]
[EventType "team-tourn"]
[EventRounds "11"]
[EventCountry "SVK"]
[SourceTitle "EXT 2019"]
[Source "ChessBase"]
[SourceDate "2018.10.10"]
[SourceVersion "1"]
[SourceVersionDate "2018.10.10"]
[SourceQuality "1"]
[WhiteTeam "Batorove Kosihy"]
[BlackTeam "Nitra ASK"]
[WhiteTeamCountry "SVK"]
[BlackTeamCountry "SVK"]

1. e4 c5 2. b4 cxb4 3. a3 e6 4. axb4 Bxb4 5. c3 Be7 6. d4 d6 7. Nf3 Nf6 8. Bd3 Nc6 9. 0-0 e5 10. h3 0-0 11. Na3 a6 12. Nc2 Ne8 13. Ne3 g6 14. Nd5 Ng7 15. Ba3 exd4 16. cxd4 Re8 17. Qc1 Bf8 18. Re1 Be6 19. Nf4 Bd7 20. Bc4 b5 21. Ba2 Rc8 22. Qb1 Na5 23. e5 Bf5 24. Qd1 Nc4 25. Bxc4 Rxc4 26. exd6 Rxe1+ 27. Qxe1 Bxd6 28. Bc1 Bc8 29. Nd3 Bb7 30. Qe2 Nf5 31. Ng5 Rxc1+ 32. Rxc1 Qxg5 33. f4 Bxf4 34. Nxf4 Qxf4 35. Qe8+ Kg7 36. Qe5+ Qxe5 37. dxe5 Nd4 38. Rc7 Be4 39. Kf2 Ne6 40. Ra7 b4 41. Rxa6 b3 42. Rb6 Bc2 43. Ke3 Nc5 44. Kd2 Nd3 45. e6 fxe6 46. Rxe6 Nf4 47. Re7+ Kh6 48. g3 Nxh3 49. Kc1 Nf2 50. Re2 Ne4 0-1

[Event "SVK-chT2B 1415"]
[Site "Slovakia"]
[Date "2014.12.07"]
[Round "6.6"]
[White "Turicik, Dusan"]
[Black "Amrich, Martin"]
[Result "0-1"]
[WhiteElo "1674"]
[BlackElo "1985"]
[PlyCount "72"]
[EventDate "2014.10.11"]
[EventType "team-tourn"]
[EventRounds "11"]
[EventCountry "SVK"]
[SourceTitle "EXT 2019"]
[Source "ChessBase"]
[SourceDate "2018.10.10"]
[SourceVersion "1"]
[SourceVersionDate "2018.10.10"]
[SourceQuality "1"]
[WhiteTeam "Sala Slovan Duslo"]
[BlackTeam "Nitra ASK"]
[WhiteTeamCountry "SVK"]
[BlackTeamCountry "SVK"]

1. d4 Nf6 2. Bf4 g6 3. Nf3 Bg7 4. e3 d6 5. Be2 0-0 6. 0-0 b6 7. c4 Bb7 8. Nc3 Nbd7 9. h3 Re8 10. Rc1 a6 11. b3 e5 12. dxe5 dxe5 13. Bg3 Qe7 14. Qc2 e4 15. Nd2 Rac8 16. Rce1 h6 17. f3 Nh5 18. Bh2 exf3 19. Bxf3 Bxf3 20. Nxf3 Qc5 21. Nd1 Nhf6 22. Kh1 Ne4 23. Nd2 Ndf6 24. Nxe4 Nxe4 25. Rf4 f5 26. Nf2 Nc3 27. e4 Qa5 28. Rf3 Rcd8 29. e5 Ne4 30. Nd3 Rxd3 31. b4 Qxb4 32. Rb1 Rd2 33. Rxb4 Rxc2 34. e6 Rc1+ 35. Bg1 Bd4 36. c5 Bxg1 0-1

[Event "SVK-chT2B 1314"]
[Site "Slovakia"]
[Date "2014.02.01"]
[Round "7.3"]
[White "Podhorsky, Martin"]
[Black "Amrich, Martin"]
[Result "0-1"]
[WhiteElo "1951"]
[BlackElo "2006"]
[PlyCount "110"]
[EventDate "2013.10.19"]
[EventType "team-tourn"]
[EventRounds "11"]
[EventCountry "SVK"]
[SourceTitle "EXT 2015"]
[Source "ChessBase"]
[SourceDate "2014.11.20"]
[SourceVersion "1"]
[SourceVersionDate "2014.11.20"]
[SourceQuality "1"]
[WhiteTeam "Topolcianky"]
[BlackTeam "Nitra ASK"]
[WhiteTeamCountry "SVK"]
[BlackTeamCountry "SVK"]

1. e4 c5 2. Nf3 d6 3. Bb5+ Bd7 4. Bxd7+ Nxd7 5. 0-0 Ngf6 6. Re1 e6 7. c3 Be7 8. d4 0-0 9. Nbd2 Qc7 10. Nb3 c4 11. Nbd2 b5 12. Qc2 e5 13. Nf1 Rfe8 14. Ng3 g6 15. Bd2 Bf8 16. a3 Nb8 17. b4 cxb3 18. Qxb3 a6 19. a4 bxa4 20. Rxa4 Nbd7 21. Qa2 Nb6 22. Rxa6 Rxa6 23. Qxa6 Ra8 24. Qb5 Nc4 25. Bg5 Nd7 26. Nd2 Nxd2 27. Bxd2 Ra2 28. Qd3 Nb6 29. Rc1 Nc4 30. Bg5 Kg7 31. Nf1 h6 32. Be3 Be7 33. Rc2 Ra1 34. Rc1 Ra3 35. d5 Nxe3 36. Nxe3 Bg5 37. Rc2 Qc5 38. Nf1 Bd8 39. Qe3 Qc4 40. g3 Bb6 41. Nd2 Qa6 42. Qf3 Bd4 43. Kg2 Qa4 44. Rc1 Bc5 45. Rb1 Qa6 46. Nc4 Ra2 47. Ne3 Qa7 48. Nd1 Qa6 49. Rb2 Ra1 50. h4 h5 51. g4 hxg4 52. Qxg4 Qd3 53. h5 Qxd1 54. h6+ Kh7 55. Qd7 Qh1+ 0-1

[Event "SVK-chT2B 10/11"]
[Site "Slovakia"]
[Date "2011.02.06"]
[Round "7.5"]
[White "Bencik, Pavol"]
[Black "Amrich, Martin"]
[Result "0-1"]
[WhiteElo "1956"]
[BlackElo "1966"]
[PlyCount "38"]
[EventDate "2010.10.23"]
[EventType "team-tourn"]
[EventRounds "11"]
[EventCountry "SVK"]
[SourceTitle "EXT 2019"]
[Source "ChessBase"]
[SourceDate "2018.10.10"]
[SourceVersion "1"]
[SourceVersionDate "2018.10.10"]
[SourceQuality "1"]
[WhiteTeam "Levice"]
[BlackTeam "Nitra NSK II"]
[WhiteTeamCountry "SLO"]
[BlackTeamCountry "SVK"]

1. e4 e5 2. Nf3 Nf6 3. Bc4 Nc6 4. Ng5 Bc5 5. Nxf7 Bxf2+ 6. Kf1 Qe7 7. Nxh8 d5 8. Bxd5 Bg4 9. Kxf2 Bxd1 10. Rxd1 Nxd5 11. exd5 Nd4 12. Na3 Qh4+ 13. Kg1 0-0-0 14. c3 Rf8 15. g3 Nf3+ 16. Kf2 Qxh2+ 17. Ke3 Qxg3 18. Kd3 Ne1+ 19. Kc4 Qg4+ 0-1

[Event "SVK-chT1W 0910"]
[Site "Slovakia"]
[Date "2009.10.17"]
[Round "1.6"]
[White "Amrich, Martin"]
[Black "Krajnak, Robert"]
[Result "0-1"]
[WhiteElo "1965"]
[BlackElo "2096"]
[PlyCount "92"]
[EventDate "2009.10.17"]
[EventType "team"]
[EventRounds "11"]
[EventCountry "SVK"]
[SourceTitle "EXT 2011"]
[Source "ChessBase"]
[SourceDate "2010.11.26"]
[SourceVersion "1"]
[SourceVersionDate "2010.11.26"]
[SourceQuality "1"]
[WhiteTeam "Nitra NSK II"]
[BlackTeam "Bratislava Doprastav"]
[WhiteTeamCountry "SVK"]
[BlackTeamCountry "SVK"]

1. e4 c5 2. Nf3 e6 3. Nc3 Nc6 4. d4 cxd4 5. Nxd4 a6 6. Nxc6 bxc6 7. Bd3 d5 8. 0-0 Nf6 9. e5 Nd7 10. f4 Be7 11. Kh1 Qc7 12. Qg4 g6 13. Qg3 Nc5 14. Be3 Nxd3 15. cxd3 Rb8 16. Qf2 c5 17. d4 c4 18. Rac1 Qb7 19. Rc2 Bd7 20. Qf3 h5 21. Rb1 Qc7 22. Qe2 Rb6 23. Qd1 Qb7 24. Rf2 Rb4 25. Qe2 Bh4 26. Rf3 Be7 27. Rh3 Rf8 28. Bc1 Qb6 29. Qf2 Bc6 30. Be3 Kd7 31. Bc1 Kc7 32. Be3 Kb7 33. Qc2 Ka8 34. Bg1 Rb8 35. Nd1 Ba4 36. b3 cxb3 37. axb3 Bxb3 38. Qf2 Bxd1 39. Rxd1 Rb1 40. Rdd3 Qb2 41. Rd2 Qa1 42. Rhd3 Rf1 43. Qxf1 Qxf1 44. Rd1 Qe2 45. R1d2 Qe4 46. Re3 Qb1 0-1

[Event "SVK-chT2B 0910"]
[Site "Slovakia"]
[Date "2009.10.11"]
[Round "2.4"]
[White "Marcin, Vladimir"]
[Black "Amrich, Martin"]
[Result "0-1"]
[WhiteElo "2071"]
[BlackElo "1965"]
[PlyCount "74"]
[EventDate "2009.10.10"]
[EventType "team"]
[EventRounds "11"]
[EventCountry "SVK"]
[SourceTitle "EXT 2011"]
[Source "ChessBase"]
[SourceDate "2010.11.26"]
[SourceVersion "1"]
[SourceVersionDate "2010.11.26"]
[SourceQuality "1"]
[WhiteTeam "Belusa"]
[BlackTeam "Nitra NSK III"]
[WhiteTeamCountry "SVK"]
[BlackTeamCountry "SVK"]

1. d4 Nf6 2. c4 c5 3. d5 e6 4. dxe6 fxe6 5. Nc3 Be7 6. e4 Nc6 7. Be3 0-0 8. Be2 a6 9. Nh3 d5 10. exd5 exd5 11. cxd5 Bxh3 12. gxh3 Ne5 13. Qb3 Bd6 14. 0-0-0 b5 15. Qc2 c4 16. Ne4 b4 17. Nxd6 Qxd6 18. f4 Ned7 19. Bxc4 Rac8 20. Kb1 Rfe8 21. Rhe1 Re4 22. b3 Rce8 23. Qd2 Kh8 24. Bf2 a5 25. Bd4 a4 26. Rxe4 Nxe4 27. Qc1 axb3 28. axb3 Ndc5 29. Rg1 Re7 30. Qb2 Nc3+ 31. Bxc3 bxc3 32. Qxc3 Ne4 33. Qa5 Re8 34. Kc2 Qf6 35. Rf1 Qd4 36. Qb4 Rc8 37. Rd1 Qf2+ 0-1

[Event "SVK-chT2B 0910"]
[Site "Slovakia"]
[Date "2009.10.10"]
[Round "1"]
[White "Detko, Jan"]
[Black "Amrich, Martin"]
[Result "0-1"]
[WhiteElo "2113"]
[BlackElo "1965"]
[PlyCount "50"]
[EventDate "2009.10.10"]
[EventType "team"]
[EventRounds "11"]
[EventCountry "SVK"]
[SourceTitle "EXT 2011"]
[Source "ChessBase"]
[SourceDate "2010.11.26"]
[SourceVersion "1"]
[SourceVersionDate "2010.11.26"]
[SourceQuality "1"]
[WhiteTeam "Prievidza II"]
[BlackTeam "Nitra NSK III"]
[WhiteTeamCountry "SVK"]
[BlackTeamCountry "SVK"]

1. e4 c5 2. Nc3 d6 3. f4 g6 4. Nf3 Bg7 5. Bb5+ Bd7 6. Bc4 e6 7. 0-0 Ne7 8. d3 0-0 9. Qe1 Bc6 10. f5 d5 11. exd5 exd5 12. Bg5 f6 13. Qe6+ Kh8 14. Ne5 dxc4 15. Rae1 Nxf5 16. Nxg6+ hxg6 17. Rxf5 Bd7 18. Qxc4 Bxf5 19. Qh4+ Kg8 20. Be3 b6 21. Qc4+ Rf7 22. Bf2 Nc6 23. g4 Ne5 24. Rxe5 fxe5 25. gxf5 Qg5+ 0-1

[Event "Nove Zamky op"]
[Site "Nove Zamky"]
[Date "2009.08.13"]
[Round "3"]
[White "Amrich, Martin"]
[Black "Istvanovszky, Martin"]
[Result "1/2-1/2"]
[WhiteElo "1918"]
[BlackElo "2161"]
[PlyCount "75"]
[EventDate "2009.08.12"]
[EventType "swiss"]
[EventRounds "7"]
[EventCountry "SVK"]
[SourceTitle "CBM 132 Extra"]
[Source "ChessBase"]
[SourceDate "2009.11.03"]
[SourceVersion "1"]
[SourceVersionDate "2009.11.03"]
[SourceQuality "1"]

1. e4 c5 2. Nf3 g6 3. d4 cxd4 4. Nxd4 Nf6 5. f3 d6 6. Nc3 Bg7 7. Be3 0-0 8. Qd2 Nc6 9. 0-0-0 Bd7 10. g4 Ne5 11. h4 Rc8 12. Kb1 Qa5 13. Nb3 Qc7 14. Be2 b5 15. Nd5 Nxd5 16. exd5 Qb7 17. Nd4 Qxd5 18. Bh6 Be6 19. b3 Nc6 20. Bxg7 Kxg7 21. Nf5+ Kh8 22. Qxd5 Bxd5 23. Rxd5 gxf5 24. Bxb5 fxg4 25. Bxc6 Rxc6 26. fxg4 e6 27. Ra5 a6 28. Re1 d5 29. g5 Rfc8 30. Re2 Kg7 31. Rf2 Rb6 32. a3 Rc3 33. Kb2 Rh3 34. Ra4 Rc6 35. Raf4 Rc7 36. Ra4 Rc6 37. Raf4 Rc7 38. Ra4 1/2-1/2

[Event "SVK-ch U16"]
[Site "Liptovsky Mikulas"]
[Date "2007.04.22"]
[Round "1"]
[White "Ujhelyi, Matus"]
[Black "Amrich, Martin"]
[Result "0-1"]
[WhiteElo "1664"]
[BlackElo "1411"]
[PlyCount "56"]
[EventDate "2007.04.22"]
[EventType "swiss"]
[EventRounds "9"]
[EventCountry "SVK"]
[SourceTitle "EXT 2008"]
[Source "ChessBase"]
[SourceDate "2007.11.25"]
[SourceVersion "1"]
[SourceVersionDate "2007.11.25"]
[SourceQuality "1"]

1. e4 c5 2. Nf3 Nc6 3. d4 cxd4 4. Nxd4 Nf6 5. Nc3 d6 6. Be2 g6 7. f3 Bg7 8. Be3 Bd7 9. Qd2 0-0 10. 0-0-0 a6 11. g4 Nxd4 12. Bxd4 Rc8 13. g5 Nh5 14. Bxg7 Nxg7 15. f4 b5 16. Nd5 Be6 17. Kb1 Bxd5 18. Qxd5 Rc5 19. Qd2 Qb6 20. Bg4 b4 21. Rhf1 a5 22. f5 a4 23. f6 Ra8 24. Rf3 b3 25. cxb3 Qc6 26. Re3 axb3 27. a3 Rc2 28. Qb4 Rxb2+ 0-1